000 00867nam a2200169 i 4500
001 159706
003 ES-MaACL
005 20230906211739.0
008 981103s1900 sp |||| | spa d
040 _aCCPB | B
_bspa
_cCCPB | B
245 0 0 _aMinas de hulla en Peñarroya de Bélmez (Córdoba)
_b: tituladas Las Muchachas, Las Muchachas 2as, El Herrero, El Herrero 2º, El Gitano, El Gitano 2º, La Pala y La Pala 2 : propiedad de ... José Rubáudonadéu-Corcelles, ... Guillermo O'Shea-Hurtado de Corcuera y ... Enrique Romá-Figueras : Memorias facultativas ...
260 _aBarcelona :
_b[s.n.],
_c1900 (
_festablecimiento tipo-litográfico de José Cunill y Sala)
300 _a105 p., [1] h. de plano ;
_c28 cm.
650 4 _aMinas de hulla-
_zPeñarroya de Bélmez.
_9136247
752 _aEspaña -
_dBarcelona
852 _aES-MaACL
_jG-11636
_z-- Enc. tela
999 _c159706
_d159706